HISTORIA DE LA CUESTION AGRARIA MEXICANA (Registro nro. 68624)

Detalles MARC
000 -CABECERA
campo de control de longitud fija 01126nam a22002777a 4500
003 - IDENTIFICADOR DEL NÚMERO DE CONTROL
campo de control BPGM
005 - FECHA Y HORA DE LA ÚLTIMA TRANSACCIÓN
campo de control 20260626202526.0
008 - DATOS DE LONGITUD FIJA--INFORMACIÓN GENERAL
campo de control de longitud fija 260618e1989 mx k|||g |||| 001 0 spa d
035 ## - NÚMERO DE CONTROL DEL SISTEMA
Número de control de sistema 968-6039-79-1
040 ## - FUENTE DE LA CATALOGACIÓN
Lengua de catalogación spa
041 ## - CÓDIGO DE LENGUA
Código de lengua del texto/banda sonora o título independiente spa
Código de lengua original spa
082 04 - NÚMERO DE LA CLASIFICACIÓN DECIMAL DEWEY
Número de clasificación 333.197245 / U76
100 ## - ENTRADA PRINCIPAL--NOMBRE DE PERSONA
Nombre de persona URQUIOLA PERMISAN, IGNACIO JOSE
Término indicativo de función/relación AUTOR
245 ## - MENCIÓN DE TÍTULO
Título HISTORIA DE LA CUESTION AGRARIA MEXICANA
Resto del título ESTADO DE QUERETARO
250 ## - MENCIÓN DE EDICIÓN
Mención de edición PRIMERA EDICION ;
Resto de la mención de edición 1989
260 ## - PUBLICACIÓN, DISTRIBUCIÓN, ETC.
Lugar de publicación, distribución, etc. MEXICO ;
Nombre del editor, distribuidor, etc. UNIVERSIDAD AUTONOMA DE QUERETARO ,
Fecha de publicación, distribución, etc. 1989.
300 ## - DESCRIPCIÓN FÍSICA
Extensión 446 pagina ;
Dimensiones 13.6 cm x 21 cm
336 ## - TIPO DE CONTENIDO
Fuente rdacontent
Término de tipo de contenido texto
Código de tipo de contenido txt
337 ## - TIPO DE MEDIO
Fuente rdamedia
Nombre/término del tipo de medio sin mediación
Código del tipo de medio n
338 ## - TIPO DE SOPORTE
Fuente rdacarrier
Nombre/término del tipo de soporte volumen
Código del tipo de soporte nc
505 ## - NOTA DE CONTENIDO CON FORMATO
Nota de contenido con formato EL CENTRO DE ESTUDIOS DEL AGRARISMO EN MEXICO VA VERTEBRADO UN PROYECTO DE INVESTIGACION Y SOCIALAIZACION DE LA INFORMACION, CUYOS EJES PRINCIPALES ESTAN CONFORMADOS POR LA HISTORIA DE LA CUESTION AGRARIA A NIVEL NACIONAL Y LA CORRESPONDIENTE A LOS ESTADOS DE LA REPUBLICA.
650 ## - PUNTO DE ACCESO ADICIONAL DE MATERIA--TÉRMINO DE MATERIA
Término de materia o nombre geográfico como elemento de entrada CIENCIAS SOCIALES
650 ## - PUNTO DE ACCESO ADICIONAL DE MATERIA--TÉRMINO DE MATERIA
Término de materia o nombre geográfico como elemento de entrada CIENCIAS SOCIALES
650 ## - PUNTO DE ACCESO ADICIONAL DE MATERIA--TÉRMINO DE MATERIA
Término de materia o nombre geográfico como elemento de entrada ECONOMÍA DE LA TIERRA Y DE LA ENERGÍA
942 ## - ELEMENTOS DE PUNTO DE ACCESO ADICIONAL (KOHA)
Fuente del sistema de clasificación o colocación Dewey Decimal Classification
Tipo de ítem Koha Colección Querétaro
Existencias
Estado de retiro Estado de pérdida Fuente del sistema de clasificación o colocación Especificación de materiales (volumen encuadernado u otra parte) Estado dañado No para préstamo Código de colección Localización permanente Ubicación/localización actual Ubicación en estantería Fecha de adquisición Fuente de adquisición Total de préstamos Signatura topográfica completa Fecha visto por última vez Número de copia Precio válido a partir de Tipo de ítem Koha
    Dewey Decimal Classification V.II   Préstamo en Sala Colecciones Especiales (Quéretaro, IQM, Idiomas, SEP, Inea.) BIBLIOTECA PÚBLICA CENTRAL ESTATAL “FRANCISCO CERVANTES” BIBLIOTECA PÚBLICA CENTRAL ESTATAL “FRANCISCO CERVANTES” SALA QUERÉTARO ACCESO B PLANTA ALTA 06/18/2026 DGB   333.197245 / U76 06/18/2026 EJ. 1 06/18/2026 Colección Querétaro
    Dewey Decimal Classification V.II   Préstamo en Sala Colecciones Especiales (Quéretaro, IQM, Idiomas, SEP, Inea.) BIBLIOTECA PÚBLICA CENTRAL ESTATAL “FRANCISCO CERVANTES” BIBLIOTECA PÚBLICA CENTRAL ESTATAL “FRANCISCO CERVANTES” SALA QUERÉTARO ACCESO B PLANTA ALTA 06/18/2026 DGB   333.197245 / U76 06/18/2026 EJ. 2 06/18/2026 Colección Querétaro
  Material Extraviado Dewey Decimal Classification V.II   Préstamo en Sala Colecciones Especiales (Quéretaro, IQM, Idiomas, SEP, Inea.) BIBLIOTECA PÚBLICA CENTRAL ESTATAL “FRANCISCO CERVANTES” BIBLIOTECA PÚBLICA CENTRAL ESTATAL “FRANCISCO CERVANTES” SALA QUERÉTARO ACCESO B PLANTA ALTA 06/18/2026 DGB   333.197245 / U76 06/18/2026 EJ. 3 06/18/2026 Colección Querétaro